Cartilla ilustrada (Registro nro. 301556)
[ vista simple ]
| 000 -ENCABEZADO | |
|---|---|
| Número de control [NR] | 01082nam a22002417a 4500 |
| 005 - FECHA Y HORA DE LA ÚLTIMA TRANSACCIÓN | |
| control field | 20151005142433.0 |
| 008 - DE LONGITUD FIJA DE DATOS DE ELEMENTOS - INFORMACIÓN GENERAL | |
| Elementos de longitud fija [NR] | 150921s1900 xxu||||fr|||| 00| 0 spa d |
| 040 ## - FUENTE DE CATALOGACION [NR] | |
| Quien Cataloga | Sandra Yazo |
| Quien Clasifica | Sandra Yazo |
| 041 0# - CODIGO DE IDIOMA [R] | |
| Código de idioma para texto/pista de sonido o título separado [R] | Español |
| 082 ## - NUMERO DE CLASIFICACION DECIMAL DEWEY [R] | |
| Número de la edición [NR] | 20 |
| Número de clasificación [R] | 371.32 |
| 092 ## - SIGNATURA TOPOGRAFICA LOCAL | |
| Número de clasificación local | E37N066 |
| 100 1# - ASIENTO PRINCIPAL--NOMBRE PERSONAL [NR] | |
| Nombre personal [NR] | Fuller, Sarah |
| Fechas asociadas con el nombre [NR] | 1836-1927 |
| ID Autoridad | 71641 |
| 245 10 - MENCION DE TITULO [NR] | |
| Título [NR] | Cartilla ilustrada |
| Parte restante del título [NR] | an illustrated primer |
| Mención de responsabilidad, etc. [NR] | Sarah Fuller |
| 260 ## - PUBLICACION, DISTRIBUCION, ETC. (PIE DE IMPRENTA) [R] | |
| Lugar de publicación, distribución, etc. [R] | Boston [Estados Unidos] |
| Nombre del editor, distribuidor, etc. [R] | D. C. Heath y Cia., Publicadores |
| Fecha de publicación, distribución, etc. [R] | 1900 |
| 300 ## - DESCRIPCION FISICA [R] | |
| Extensión [R] | 100 páginas |
| Dimensiones [R] | 19 x 14 cm. |
| 500 ## - NOTA GENERAL [R] | |
| Nota general [NR] | Detalles físicos: Encuadernación rígida en cartón forrado en tela. Tapa delantera datos de publicación y una ilustración impresa. Guardas. Portada impresa en una sola tinta. Texto impreso con ilustraciones en una y dos columnas. Papel manchado. Varias hojas con publicidad al final |
| 506 ## - NOTA DE RESTRICCIONES DE ACCESO [R] | |
| Condiciones de acceso [NR] | Consulta en sala |
| 650 #7 - ASIENTO SECUNDARIO DE MATERIA - TERMINO TEMATICO [R] | |
| 9 (RLIN) | 13859 |
| Término temático o nombre geográfico como elemento de entrada [NR] | Educación primaria |
| Subdivisión de forma [R] | Manuales |
| 650 #7 - ASIENTO SECUNDARIO DE MATERIA - TERMINO TEMATICO [R] | |
| 9 (RLIN) | 18513 |
| Término temático o nombre geográfico como elemento de entrada [NR] | Libros de texto |
| 690 ## - ASUNTO AGREGADO LOCAL DE ENTRADA - TÉRMINO TEMÁTICO (OCLC, RLIN) | |
| 9 (RLIN) | 42917 |
| Acceso temático local | Teoría de la educación |
| 700 1# - ASIENTO SECUNDARIO - NOMBRE PERSONAL [R] | |
| Nombre personal [NR] | Parker Jordan, Edith |
| Término de relación [R] | ilustrador |
| 9 (RLIN) | 72019 |
| 942 ## - ELEMENTOS DE ENTRADA AGREGADOS (KOHA) | |
| Sistema de clasificación | LOCAL |
| Tipo de ítem principal el descrito en 300a | Libro |
| Edición | 1 |
| Clasificación | E37N066 |
| Suprimido | Perdido | Sistema de clasificación | Dañado | No prestable | Tipo de ítem específico | Ubicación habitual | Ubicación actual | Localización | Fecha de creación | Forma de adquisición | Costo | Total préstamos | Signatura topográfica | Código de barras | Última vez visto | Ejemplar | Price effective from | Tipo de ítem |
|---|---|---|---|---|---|---|---|---|---|---|---|---|---|---|---|---|---|---|
| LOCAL | Libro archivo | Archivo Histórico | Archivo Histórico | Archivo histórico | 21/09/2015 | Donación | 0.00 | E37N066 | L005158 | 21/09/2015 | Ej.1 | 21/09/2015 | Libro |